| 000 | 00445nam a2200181Ia 4500 | ||
|---|---|---|---|
| 001 | 2407 | ||
| 005 | 20260306144804.0 | ||
| 008 | 260306t2012||||xx |||||||||||||| ||spa|| | ||
| 041 | _aESP | ||
| 082 |
_a616.89 _bL12 |
||
| 100 |
_aLabrador, Francisco Javier _eAUT |
||
| 245 | 0 | _aPsicología clínica basada en la evidencia | |
| 260 | _c2012 | ||
| 300 |
_a238 páginas : _c24 cm. |
||
| 650 | _aGEN | ||
| 654 | _aCPS | ||
| 942 |
_cLIB _dJUS _fJUS _2ddc _n |
||
| 999 |
_c2407 _d2407 |
||